A good enough parent : (Record no. 438)

MARC details
000 -LEADER
fixed length control field 00602nam a2200217 a 4500
005 - DATE AND TIME OF LATEST TRANSACTION
control field 20260322212020.0
008 - FIXED-LENGTH DATA ELEMENTS--GENERAL INFORMATION
fixed length control field data
010 ## - LIBRARY OF CONGRESS CONTROL NUMBER
LC control number 86046152
020 ## - INTERNATIONAL STANDARD BOOK NUMBER
International Standard Book Number 0394471482
020 ## - INTERNATIONAL STANDARD BOOK NUMBER
International Standard Book Number 9780394471488
050 0# - LIBRARY OF CONGRESS CALL NUMBER
Classification number HQ769
Item number .B5249 1987
001 - CONTROL NUMBER
control field data
100 1# - MAIN ENTRY--PERSONAL NAME
Personal name Bettelheim, Bruno.
245 12 - TITLE STATEMENT
Title A good enough parent :
Remainder of title a book on child-rearing /
Statement of responsibility, etc. Bruno Bettelheim.
250 ## - EDITION STATEMENT
Edition statement 1st ed.
260 0# - PUBLICATION, DISTRIBUTION, ETC.
Place of publication, distribution, etc. New York :
Name of publisher, distributor, etc. Distributed by Random House,
-- Distributed by Random House,
Date of publication, distribution, etc. 1987.
300 ## - PHYSICAL DESCRIPTION
Extent xii, 377 p. ;
Dimensions 24 cm.
650 #0 - SUBJECT ADDED ENTRY--TOPICAL TERM
Topical term or geographic name entry element Child rearing.
650 #0 - SUBJECT ADDED ENTRY--TOPICAL TERM
Topical term or geographic name entry element Parenting.
650 #0 - SUBJECT ADDED ENTRY--TOPICAL TERM
Topical term or geographic name entry element Child psychology.
Holdings
Withdrawn status Lost status Damaged status Not for loan Home library Current library Shelving location Date acquired Total checkouts Full call number Barcode Date last seen Price effective from Koha item type
        Franklin Franklin General stacks 22/03/2026   HQ769 .B5249 1987 BC0010449 22/03/2026 22/03/2026 Books